A first course in differential equations / (Record no. 22564)
[ view plain ]
| 000 -LEADER | |
|---|---|
| fixed length control field | 03520cam a2200385 i 4500 |
| 001 - CONTROL NUMBER | |
| control field | ssj0001558518 |
| 003 - CONTROL NUMBER IDENTIFIER | |
| control field | EG-ScBUE |
| 005 - DATE AND TIME OF LATEST TRANSACTION | |
| control field | 20241013090620.0 |
| 008 - FIXED-LENGTH DATA ELEMENTS--GENERAL INFORMATION | |
| fixed length control field | 150701t2015 gw a f b 001 0 eng d |
| 020 ## - INTERNATIONAL STANDARD BOOK NUMBER | |
| International Standard Book Number | 9783319178516 |
| 040 ## - CATALOGING SOURCE | |
| Original cataloging agency | EG-ScBUE |
| Language of cataloging | eng |
| Description conventions | rda |
| Transcribing agency | EG-ScBUE |
| Modifying agency | WaSeSS |
| -- | EG-ScBUE |
| 082 04 - DEWEY DECIMAL CLASSIFICATION NUMBER | |
| Classification number | 515.35 |
| Edition number | 22 |
| Item number | LOG |
| 100 1# - MAIN ENTRY--PERSONAL NAME | |
| Personal name | Logan, J. David. |
| Fuller form of name | (John David) |
| Relator term | author. |
| 9 (RLIN) | 37876 |
| 245 12 - TITLE STATEMENT | |
| Title | A first course in differential equations / |
| Statement of responsibility, etc | by J. David Logan. |
| 250 ## - EDITION STATEMENT | |
| Edition statement | Third edition. |
| 264 #1 - PUBLICATION, DISTRIBUTION, ETC. (IMPRINT) | |
| Place of publication, distribution, etc | Cham : |
| Name of publisher, distributor, etc | Springer, |
| Date of publication, distribution, etc | [2015] |
| 264 #4 - PUBLICATION, DISTRIBUTION, ETC. (IMPRINT) | |
| Date of publication, distribution, etc | c2015 |
| 300 ## - PHYSICAL DESCRIPTION | |
| Extent | XIII, 369 pages : |
| Other physical details | illustrations ; |
| Dimensions | 24 cm. |
| 336 ## - CONTENT TYPE | |
| Source | rdacontent |
| Content type term | text |
| Content type code | txt |
| 337 ## - MEDIA TYPE | |
| Media type term | unmediated |
| Source | rdamedia |
| Media type code | n |
| 338 ## - CARRIER TYPE | |
| Carrier type term | volume |
| Carrier type code | nc |
| Source | rdacarrier |
| 490 0# - SERIES STATEMENT | |
| Series statement | Undergraduate texts in mathematics |
| 504 ## - BIBLIOGRAPHY, ETC. NOTE | |
| Bibliography, etc | Includes bibliographical references and index.<br/> |
| 505 0# - FORMATTED CONTENTS NOTE | |
| Formatted contents note | Preface to the Third Edition.-1. First-Order Differential Equations -- 2. Second-Order Linear Equations -- 3. Laplace Transforms -- 4. Linear Systems -- 5. Nonlinear Systems -- 6. Computation of Solutions -- Appendix A. Review and Supplementary Exercises.-Appendix B. Matlab(R) Supplement -- References -- Index. |
| 506 ## - RESTRICTIONS ON ACCESS NOTE | |
| Terms governing access | Available on campus and off campus with authorized login. |
| 520 ## - SUMMARY, ETC. | |
| Summary, etc | The third edition of this concise, popular textbook on elementary differential equations gives instructors an alternative to the many voluminous texts on the market. It presents a thorough treatment of the standard topics in an accessible, easy-to-read, format. The overarching perspective of the text conveys that differential equations are about applications. This book illuminates the mathematical theory in the text with a wide variety of applications that will appeal to students in physics, engineering, the biosciences, economics and mathematics. Instructors are likely to find that the first four or five chapters are suitable for a first course in the subject. This edition contains a healthy increase over earlier editions in the number of worked examples and exercises, particularly those routine in nature. Two appendices include a review with practice problems, and a MATLAB® supplement that gives basic codes and commands for solving differential equations. MATLAB® is not required; students are encouraged to utilize available software to plot many of their solutions. Solutions to even-numbered problems are available on springer.com. From the reviews of the second edition: “The coverage of linear systems in the plane is nicely detailed and illustrated. …Simple numerical methods are illustrated and the use of Maple and MATLAB is encouraged. …select Dave Logan’s new and improved text for my course.” —Robert E. O’Malley, Jr., SIAM Review, Vol. 53 (2), 2011 “Aims to provide material for a one-semester course that emphasizes the basic ideas, solution methods, and an introduction to modeling. …The book that results offers a concise introduction to the subject for students of mathematics, science and engineering who have completed the introductory calculus sequence. …This book is worth a careful look as a candidate text for the next differential equations course you teach.” —William J. Satzer, MAA Reviews, January, 2011. |
| 650 #7 - SUBJECT ADDED ENTRY--TOPICAL TERM | |
| Topical term or geographic name as entry element | Mathematics. |
| Source of heading or term | BUEsh |
| 9 (RLIN) | 2018 |
| 650 #7 - SUBJECT ADDED ENTRY--TOPICAL TERM | |
| Topical term or geographic name as entry element | Differential equations. |
| Source of heading or term | BUEsh |
| 9 (RLIN) | 37976 |
| 651 ## - SUBJECT ADDED ENTRY--GEOGRAPHIC NAME | |
| Source of heading or term | BUEsh |
| 653 ## - INDEX TERM--UNCONTROLLED | |
| Resource For college | BAEPS, Economics |
| Arrived date list | October2016 |
| 655 ## - INDEX TERM--GENRE/FORM | |
| Form subdivision | Reading book |
| 773 0# - HOST ITEM ENTRY | |
| Title | Springer eBooks |
| 776 08 - ADDITIONAL PHYSICAL FORM ENTRY | |
| Display text | Printed edition: |
| International Standard Book Number | 9783319178516 |
| 942 ## - ADDED ENTRY ELEMENTS (KOHA) | |
| Source of classification or shelving scheme | Dewey Decimal Classification |
| Koha item type | Book - Borrowing |
| Withdrawn status | Lost status | Source of classification or shelving scheme | Damaged status | Not for loan | Collection code | Home library | Current library | Shelving location | Date acquired | Source of acquisition | Cost, normal purchase price | Serial Enumeration / chronology | Total Checkouts | Full call number | Barcode | Date last seen | Cost, replacement price | Price effective from | Koha item type |
|---|---|---|---|---|---|---|---|---|---|---|---|---|---|---|---|---|---|---|---|
| Dewey Decimal Classification | Academic Bookshop | Central Library | Central Library | First floor | 13/10/2016 | Purchase | 495.00 | 9132 | 515.35 LOG | 000034084 | 15/07/2025 | 618.75 | 13/10/2016 | Book - Borrowing |